[Event "57th World Juniors 2018"]
[Site "Manavgat TUR"]
[Date "2018.09.05"]
[Round "1.67"]
[White "Ozturk, Efe Hakan"]
[Black "Agmanov, Zhandos"]
[Result "0-1"]
[WhiteTitle "CM"]
[BlackTitle "FM"]
[WhiteElo "2065"]
[BlackElo "2379"]
[WhiteFideId "34550216"]
[BlackFideId "13708309"]
[EventDate "2018.09.05"]

1. d4 Nf6 2. c4 e6 3. Nf3 Bb4+ 4. Nbd2 O-O 5. a3 Bxd2+ 6. Bxd2 Ne4 7. g3 d5 8.
Qc2 Nc6 9. Rd1 Qf6 10. Be3 Nd6 11. Bg5 Qg6 12. Qxg6 hxg6 13. c5 Nc4 14. Bc1 b5
15. Nd2 Bb7 16. Bg2 N6a5 17. O-O Bc6 18. Nf3 Rfb8 19. b4 Nb7 20. Rd3 a5 21. Bf4
Rc8 22. Ne5 Nxe5 23. Bxe5 axb4 24. axb4 Ra2 25. Rb1 Nd8 26. Bf1 f6 27. Bf4 g5
28. Bc1 Be8 29. Ra3 Ra8 30. Rxa8 Rxa8 31. Rb3 Ra1 32. Bd2 Nc6 33. e3 Bg6 34. Kg2
g4 35. Bxb5 Be4+ 36. f3 gxf3+ 37. Kf2 Ra2 38. Bxc6 Rxd2+ 39. Ke1 Re2+ 40. Kf1
Bf5 41. Kg1 Bh3 42. Rb1 f2+ 43. Kh1 Re1+ 0-1

[Event "57th World Juniors 2018"]
[Site "Manavgat TUR"]
[Date "2018.09.05"]
[Round "1.68"]
[White "Percivaldi, Martin"]
[Black "Aydincelebi, Kagan"]
[Result "1-0"]
[WhiteTitle "IM"]
[BlackTitle "FM"]
[WhiteElo "2376"]
[BlackElo "2060"]
[WhiteFideId "1508148"]
[BlackFideId "6361102"]
[EventDate "2018.09.05"]

1. Nf3 d5 2. g3 Bg4 3. Bg2 c6 4. O-O Nd7 5. h3 Bh5 6. d3 Ngf6 7. Nbd2 e5 8. e4
dxe4 9. dxe4 Be7 10. Qe1 O-O 11. Nc4 Qc7 12. a4 Bg6 13. Nh4 Nb6 14. Nxg6 hxg6
15. Qe2 a5 16. h4 Nfd7 17. Nxb6 Qxb6 18. h5 gxh5 19. Qxh5 Qc5 20. c3 Nf6 21. Qf5
g6 22. Qh3 Qc4 23. Bg5 Bd8 24. Rae1 Re8 25. Bc1 Be7 26. Bf3 Bf8 27. Kg2 Bg7 28.
Rh1 Qe6 29. Qh4 b5 30. Bh6 Bh8 31. Be3 Bg7 32. axb5 cxb5 33. g4 Qc6 34. g5 Nd7
35. Qh7+ Kf8 36. Rd1 Nb6 37. b4 Na4 38. Ra1 Re7 39. Rxa4 bxa4 40. Bc5 Ra7 41.
Rd1 Qc8 42. Bb6 Rad7 43. Bg4 Qc6 44. Bxd7 Qxe4+ 45. Kg1 Qf3 46. Bxa4 Qg4+ 47.
Kf1 Qc4+ 48. Ke1 Qxc3+ 49. Rd2 Qxb4 50. Bc5 Qe4+ 51. Be3 Rc7 52. Bd1 Qg2 53.
Rd8+ Ke7 54. Qg8 Qh1+ 55. Ke2 Qc6 56. Bc5+ Ke6 57. Rd6+ 1-0

[Event "57th World Juniors 2018"]
[Site "Manavgat TUR"]
[Date "2018.09.05"]
[Round "1.69"]
[White "Ozgur, Tibet Kagan"]
[Black "Miciano, John Marvin"]
[Result "0-1"]
[BlackTitle "IM"]
[WhiteElo "2056"]
[BlackElo "2374"]
[WhiteFideId "6322832"]
[BlackFideId "5211948"]
[EventDate "2018.09.05"]

1. c4 g6 2. g3 Bg7 3. Bg2 e5 4. Nc3 d6 5. d3 Ne7 6. e4 Nbc6 7. Nge2 Be6 8. Be3
Nd4 9. b4 O-O 10. O-O c6 11. Rb1 a6 12. a4 b5 13. cxb5 axb5 14. a5 Qd7 15. Bg5
f6 16. Bd2 Rab8 17. Nxd4 exd4 18. Ne2 c5 19. Nf4 Bf7 20. Bh3 f5 21. Re1 c4 22.
exf5 Nxf5 23. Ra1 d5 24. a6 Ra8 25. Ra5 Ra7 26. Bxf5 Qxf5 27. Rxb5 g5 28. Ng2
Bh5 29. Qc1 Qxf2+ 30. Kh1 Rxa6 31. Ra5 Re6 32. Rg1 Re2 33. Be1 Qxg2+ 0-1

[Event "57th World Juniors 2018"]
[Site "Manavgat TUR"]
[Date "2018.09.05"]
[Round "1.70"]
[White "Nikitenko, Mihail"]
[Black "Lin, Peisen"]
[Result "1-0"]
[WhiteTitle "IM"]
[WhiteElo "2368"]
[BlackElo "2034"]
[WhiteFideId "13506862"]
[BlackFideId "8611505"]
[EventDate "2018.09.05"]

1. e4 e6 2. d4 d5 3. Nd2 c5 4. exd5 Qxd5 5. Ngf3 cxd4 6. Bc4 Qd6 7. O-O Nf6 8.
Nb3 Nc6 9. Nbxd4 Nxd4 10. Nxd4 a6 11. Bb3 Qc7 12. Qf3 Bd6 13. h3 O-O 14. Bg5 Nd7
15. c3 Ne5 16. Qh5 Ng6 17. Bc2 b5 18. Rad1 Bb7 19. Qg4 Rfe8 20. Rfe1 Ne5 21. Qh5
Ng6 22. Qg4 Ne5 23. Qe2 Ng6 24. Be4 Bxe4 25. Qxe4 Rac8 26. Nb3 h6 27. Be3 Red8
28. Nd4 Ne5 29. Bc1 Nc4 30. Nf3 Bc5 31. b3 Nd6 32. Qe5 Qb6 33. Qe2 Nf5 34. Ne5
Bd6 35. Nxf7 Bh2+ 36. Kxh2 Kxf7 37. Rxd8 Rxd8 38. Bf4 Qc6 39. Be5 Qd5 40. c4
bxc4 41. bxc4 Qd2 42. c5 Qxe2 43. Rxe2 Rd5 44. c6 Rc5 45. c7 Ne7 46. f4 Nd5 47.
Rb2 Ke7 48. Bxg7 Nxf4 49. Rf2 Ng6 50. Rf6 1-0

[Event "57th World Juniors 2018"]
[Site "Manavgat TUR"]
[Date "2018.09.05"]
[Round "1.71"]
[White "Baylav, Can"]
[Black "Zou, Chen"]
[Result "0-1"]
[BlackTitle "FM"]
[WhiteElo "2026"]
[BlackElo "2365"]
[WhiteFideId "6361293"]
[BlackFideId "8610959"]
[EventDate "2018.09.05"]

1. e4 c5 2. Nf3 d6 3. d4 cxd4 4. Nxd4 Nf6 5. Nc3 a6 6. Be2 e5 7. Nb3 Be7 8. O-O
O-O 9. Qd3 Nbd7 10. a4 b6 11. Be3 Bb7 12. Nd5 Nxd5 13. exd5 Bg5 14. c4 a5 15. f4
Bxf4 16. Bxf4 exf4 17. Rxf4 Qg5 18. Raf1 Rae8 19. Nd4 Nc5 20. Qf3 Qe7 21. Bd1
Bc8 22. Kh1 Bd7 23. b3 g6 24. Bc2 f5 25. h4 Qe3 26. Qxe3 Rxe3 27. g4 Rh3+ 28.
Kg2 Rxh4 29. gxf5 Rxf4 30. Rxf4 gxf5 31. Bxf5 Bxf5 32. Rxf5 Rxf5 33. Nxf5 Nxb3
34. Nxd6 Nc5 35. Nc8 Nxa4 36. d6 Nc5 37. Nxb6 Kf7 38. Kf3 Ke6 39. d7 Nxd7 40.
Na4 Ke5 41. Kg4 Kd4 42. c5 Nxc5 43. Nb6 Nd7 44. Nxd7 a4 45. Nf8 a3 46. Ne6+ Kc4 0-1

[Event "57th World Juniors 2018"]
[Site "Manavgat TUR"]
[Date "2018.09.05"]
[Round "1.72"]
[White "Can, Isik"]
[Black "Rajic, Ivan"]
[Result "1-0"]
[WhiteTitle "FM"]
[WhiteElo "2361"]
[BlackElo "2021"]
[WhiteFideId "6383742"]
[BlackFideId "14411377"]
[EventDate "2018.09.05"]

1. e4 c5 2. Nf3 d6 3. d4 cxd4 4. Nxd4 Nf6 5. Nc3 g6 6. Be3 Bg7 7. f3 O-O 8. Bc4
Nc6 9. Qd2 Bd7 10. h4 Rc8 11. Bb3 Ne5 12. O-O-O Nc4 13. Bxc4 Rxc4 14. h5 Nxh5
15. g4 Nf6 16. Kb1 Re8 17. e5 Nxg4 18. fxg4 Bxg4 19. e6 Bxd1 20. exf7+ Kxf7 21.
Qxd1 Rxc3 22. Qf3+ Bf6 23. bxc3 Qa5 24. Rxh7+ Kg8 25. Rh1 Kf7 26. Qg4 e5 27.
Rh7+ Bg7 28. Qd7+ Re7 29. Rxg7+ Kxg7 30. Qxe7+ Kg8 31. Bh6 1-0

[Event "57th World Juniors 2018"]
[Site "Manavgat TUR"]
[Date "2018.09.05"]
[Round "1.74"]
[White "Philippe, Guillaume"]
[Black "Daghan, Devran"]
[Result "1-0"]
[WhiteTitle "FM"]
[WhiteElo "2358"]
[BlackElo "2004"]
[WhiteFideId "36048763"]
[BlackFideId "6371930"]
[EventDate "2018.09.05"]

1. Nf3 c5 2. e3 Nc6 3. Bb5 g6 4. O-O Bg7 5. c4 a6 6. Bxc6 dxc6 7. Nc3 Qd3 8. Qb3
Nf6 9. Ne5 Qd6 10. f4 O-O 11. d3 b5 12. Qd1 Be6 13. Qe2 Qc7 14. e4 Nd7 15. Nxd7
Qxd7 16. Be3 Bd4 17. Rae1 bxc4 18. dxc4 Bxe3+ 19. Qxe3 Bxc4 20. Rd1 Qb7 21. Rf2
Rfd8 22. Rfd2 Rd4 23. Rxd4 cxd4 24. Qxd4 Be6 25. b3 Qc7 26. Qe3 Rd8 27. Rxd8+
Qxd8 28. h3 c5 29. Qxc5 Qd2 30. Qe5 Qe3+ 31. Kh2 h5 32. Nd5 Bxd5 33. exd5 Qf2
34. f5 h4 35. fxg6 fxg6 36. a3 Kf7 37. b4 Kf8 38. a4 Kf7 39. d6 exd6 40. Qxd6 g5
41. b5 axb5 42. axb5 g4 43. Qd7+ Kf8 44. Qxg4 Qc5 45. Qf4+ Kg7 46. Qb8 Kg6 47.
b6 Qc6 48. Qc7 1-0

[Event "57th World Juniors 2018"]
[Site "Manavgat TUR"]
[Date "2018.09.05"]
[Round "1.75"]
[White "Helander, Benjamin"]
[Black "Schitco, Ivan"]
[Result "0-1"]
[BlackTitle "FM"]
[WhiteElo "1994"]
[BlackElo "2358"]
[WhiteFideId "514101"]
[BlackFideId "13905465"]
[EventDate "2018.09.05"]

1. e4 d6 2. d4 Nf6 3. Nc3 g6 4. Nf3 Bg7 5. Be2 O-O 6. O-O c6 7. h3 Qc7 8. Bf4
Nbd7 9. Qd2 e5 10. Bh6 Re8 11. Bxg7 Kxg7 12. dxe5 dxe5 13. Qe3 Nf8 14. Rfd1 Ne6
15. g3 b5 16. Bf1 Bb7 17. b4 a5 18. a3 Ra6 19. Nxb5 cxb5 20. Bxb5 Rc6 21. c4
axb4 22. axb4 Rxc4 23. Bxc4 Qxc4 24. Nxe5 Qxe4 25. Qxe4 Bxe4 26. Ra7 Ng5 27. f4
Nf3+ 28. Nxf3 Bxf3 29. Rd3 Be4 30. Rb3 Bd5 31. Rb1 Re2 32. Ra3 Ne4 33. Rd3 Nd2
34. Rd1 Rg2+ 35. Kh1 Bb7 36. Rd7 Bf3 37. Ra1 Ne4 0-1

[Event "57th World Juniors 2018"]
[Site "Manavgat TUR"]
[Date "2018.09.05"]
[Round "1.76"]
[White "Murphy, Conor E"]
[Black "Liyanage, Ranindu Dilshan"]
[Result "0-1"]
[WhiteTitle "FM"]
[BlackTitle "CM"]
[WhiteElo "2357"]
[BlackElo "1989"]
[WhiteFideId "421669"]
[BlackFideId "9915834"]
[EventDate "2018.09.05"]

1. e4 c5 2. Nf3 d6 3. Bb5+ Nd7 4. O-O a6 5. Bd3 Ngf6 6. Re1 b5 7. c4 bxc4 8.
Bxc4 Nb6 9. Bb3 e5 10. d3 Be7 11. Na3 O-O 12. Nc4 Nxc4 13. Bxc4 Bg4 14. Bd2 Qd7
15. h3 Bh5 16. Rc1 Rfb8 17. Bc3 h6 18. Kf1 Kh8 19. Re3 Kh7 20. Rb1 g5 21. g4 Bg6
22. a3 Kg7 23. Ng1 h5 24. Rg3 hxg4 25. hxg4 Rh8 26. Rg2 Rh1 27. f3 Ne8 28. b4
cxb4 29. axb4 Nc7 30. d4 Nb5 31. Bb2 exd4 32. Bxd4+ Nxd4 33. Qxd4+ Bf6 34. Qd5
Qa7 35. Rd1 Be5 36. Qd2 f6 37. Qd3 Rb8 38. Qd2 Qb6 39. Qf2 Qxb4 40. Bxa6 Bf7 41.
Qd2 Qb6 42. Be2 Qa7 43. Rf2 Rb2 44. Qc1 Qb6 45. Rg2 Bd4 46. Rxd4 Qxd4 47. Qd1
Qxd1+ 48. Bxd1 Bc4+ 49. Be2 Bxe2+ 50. Rxe2 Rxe2 0-1

[Event "57th World Juniors 2018"]
[Site "Manavgat TUR"]
[Date "2018.09.05"]
[Round "1.78"]
[White "Schekachikhin, Maksim"]
[Black "Ozsakallioglu, Okan"]
[Result "1-0"]
[WhiteTitle "IM"]
[WhiteElo "2356"]
[BlackElo "1955"]
[WhiteFideId "24177830"]
[BlackFideId "6367011"]
[EventDate "2018.09.05"]

1. d4 Nf6 2. c4 e6 3. Nf3 b6 4. g3 Bb7 5. Bg2 Be7 6. O-O O-O 7. Nc3 Ne4 8. Bd2
f5 9. Ne5 Bf6 10. Nxe4 fxe4 11. Bc3 d5 12. Ng4 Nd7 13. Qc2 c5 14. Nxf6+ Nxf6 15.
cxd5 exd5 16. dxc5 bxc5 17. Bxf6 Qxf6 18. Qxc5 Rfc8 19. Qa3 Qb6 20. Rfc1 Rxc1+
21. Rxc1 Rf8 22. e3 Qf6 23. Rc2 d4 24. Qb3+ Qf7 25. Qxf7+ Rxf7 26. exd4 Rd7 27.
Rc4 Bd5 28. Rc8+ Kf7 29. b3 Bb7 30. Rc4 Bd5 31. Rc5 Ba8 32. Ra5 Kf8 33. Rf5+ Ke7
34. Bxe4 Bxe4 35. Re5+ Kd6 36. Rxe4 Kd5 37. Rf4 1-0

[Event "57th World Juniors 2018"]
[Site "Manavgat TUR"]
[Date "2018.09.05"]
[Round "1.79"]
[White "Kilic, Gokturk Kagan"]
[Black "Arcuti, Davide"]
[Result "0-1"]
[BlackTitle "FM"]
[WhiteElo "1910"]
[BlackElo "2356"]
[WhiteFideId "6367925"]
[BlackFideId "1323725"]
[EventDate "2018.09.05"]

1. e4 e5 2. Nf3 Nc6 3. d4 exd4 4. Nxd4 Bc5 5. Be3 Qf6 6. c3 Nge7 7. Bc4 O-O 8.
O-O b6 9. f4 d5 10. e5 Qh6 11. Qf3 dxc4 12. f5 Nxe5 13. Qe4 Qf6 14. Qxa8 N7c6
15. Bf4 Nxd4 16. cxd4 Bxd4+ 17. Kh1 Bxb2 18. Nd2 Bxa1 19. Rxa1 Nc6 20. Re1 Ba6
21. Qe8 Qxf5 22. Bxc7 Qd5 23. Nb1 h6 24. Qe3 Qd3 25. Qf2 Bb7 26. Nd2 c3 27. Nb3
Nb4 28. Nd4 Qd2 29. Qxd2 cxd2 30. Rd1 Rc8 0-1

[Event "57th World Juniors 2018"]
[Site "Manavgat TUR"]
[Date "2018.09.05"]
[Round "1.80"]
[White "Sawlin, Leonid"]
[Black "Beukema, Christiaan"]
[Result "1-0"]
[WhiteTitle "FM"]
[WhiteElo "2355"]
[BlackElo "1904"]
[WhiteFideId "4689542"]
[BlackFideId "1032976"]
[EventDate "2018.09.05"]

1. e4 e5 2. Nf3 Nc6 3. Bc4 Bc5 4. O-O Nf6 5. d3 d6 6. a4 a5 7. c3 Be6 8. Bb5 Bd7
9. Na3 Ne7 10. Bc4 O-O 11. Re1 Ng6 12. Bd2 Be6 13. b4 axb4 14. cxb4 Ba7 15. Nb5
c6 16. Nxa7 Rxa7 17. Bxe6 fxe6 18. Qb3 Qd7 19. d4 exd4 20. Nxd4 d5 21. exd5 exd5
22. Ne6 Re8 23. Nc5 Qf7 24. a5 Raa8 25. b5 Ng4 26. f3 N4e5 27. Bc3 Nc4 28. bxc6
bxc6 29. Rxe8+ Qxe8 30. Re1 Qf7 31. a6 Qa7 32. Bd4 Rb8 33. Qa4 Rb5 34. Ne6 Nb6
35. Qa1 Nf8 36. Nxf8 Kxf8 37. Qa3+ Kf7 38. Qe3 1-0

[Event "57th World Juniors 2018"]
[Site "Manavgat TUR"]
[Date "2018.09.05"]
[Round "1.81"]
[White "Nyambileg, Erdene-Ochir"]
[Black "Bashirli, Nail"]
[Result "1-0"]
[BlackTitle "IM"]
[WhiteElo "1798"]
[BlackElo "2354"]
[WhiteFideId "4901932"]
[BlackFideId "13406809"]
[EventDate "2018.09.05"]

1. d4 Nf6 2. c4 e6 3. Nf3 b6 4. g3 Ba6 5. b3 Bb4+ 6. Bd2 Be7 7. Bg2 O-O 8. Ne5
c6 9. Bc3 d5 10. Nd2 Bb7 11. O-O c5 12. Re1 Nbd7 13. e4 cxd4 14. Bxd4 dxc4 15.
Nxd7 Qxd7 16. Nxc4 Rfd8 17. Bb2 Bb4 18. Qxd7 Rxd7 19. Re2 Rad8 20. Bf3 b5 21.
Na3 Rd2 22. Nxb5 Rxe2 23. Bxe2 Rd2 24. Bc3 Bxc3 25. Nxc3 Rc2 26. Rd1 Kf8 27. e5
Ne8 28. Rd3 Nc7 29. Bf3 Ba6 30. Re3 Rc1+ 31. Nd1 Nd5 32. Re1 Nb4 33. Kg2 Nc2 34.
Rg1 Nd4 35. Be4 Ne2 36. Rh1 Rc5 37. Ne3 Rxe5 38. Bf3 Nd4 39. Rd1 Nxf3 40. Kxf3
Ke7 41. Rc1 Kd7 42. Rd1+ Kc7 43. Rc1+ Kb8 44. Rd1 Bb7+ 45. Ke2 Bc6 46. Rd8+ Kb7
47. Rf8 f6 48. Rf7+ Ka6 49. Rxg7 Be4 50. Rf7 Bb1 51. a4 Ba2 52. b4 Re4 53. b5+
Kb6 54. a5+ Kxb5 55. Rxa7 h5 56. Rh7 Re5 57. Rh6 Kxa5 58. Rxf6 Kb5 59. Kf3 Kc6
60. h4 Ra5 61. Rg6 Kd6 62. Rg5 Ra3 63. Rxh5 Bd5+ 64. Kf4 Ra4+ 65. Kg5 Bf3 66.
Rh8 Ra2 67. Rf8 1-0

[Event "57th World Juniors 2018"]
[Site "Manavgat TUR"]
[Date "2018.09.05"]
[Round "1.82"]
[White "Kalogeris, Ioannis"]
[Black "Nurgaliyev, Sauat"]
[Result "1-0"]
[BlackTitle "CM"]
[WhiteElo "2352"]
[BlackElo "1685"]
[WhiteFideId "4239563"]
[BlackFideId "13726285"]
[EventDate "2018.09.05"]

1. d4 Nf6 2. c4 e6 3. Nf3 d5 4. Nc3 Be7 5. Bf4 O-O 6. e3 Nbd7 7. Qc2 b6 8. cxd5
exd5 9. Nb5 c5 10. Bc7 Qe8 11. Nd6 Bxd6 12. Bxd6 Bb7 13. Bxf8 Qxf8 14. Bb5 cxd4
15. Nxd4 Rc8 16. Qa4 Rc7 17. O-O a6 18. Bxd7 Nxd7 19. Rfc1 Nc5 20. Qa3 Re7 21.
b4 Ne4 22. b5 axb5 23. Rab1 Nd2 24. Nf5 Re5 25. Qxf8+ Kxf8 26. Rxb5 Nc4 27. Rxc4
Rxf5 28. Rc7 Ba8 29. Rxb6 g6 30. Rb8+ Kg7 31. Rxa8 h5 32. Raa7 g5 33. a4 Kg6 34.
Rxf7 Rxf7 35. Rxf7 Kxf7 36. a5 Ke6 37. a6 Kd6 38. a7 g4 39. a8=Q h4 40. f4 g3
41. e4 d4 42. Qd5+ Ke7 43. f5 d3 44. e5 d2 45. Qxd2 Kf7 46. Qd7+ Kg8 47. f6
gxh2+ 48. Kh1 Kf8 49. e6 h3 50. Qf7# 1-0

[Event "57th World Juniors 2018"]
[Site "Manavgat TUR"]
[Date "2018.09.06"]
[Round "2.1"]
[White "Maghsoodloo, Parham"]
[Black "Haldorsen, Benjamin"]
[Result "1-0"]
[WhiteTitle "GM"]
[BlackTitle "FM"]
[WhiteElo "2649"]
[BlackElo "2461"]
[WhiteFideId "12539929"]
[BlackFideId "1512633"]
[EventDate "2018.09.05"]

1. g3 c5 2. Bg2 Nc6 3. f4 g6 4. Nf3 Bg7 5. e4 d5 6. exd5 Qxd5 7. O-O Nh6 8. Nc3
Qh5 9. Ne4 O-O 10. d3 Rd8 11. c3 c4 12. d4 Bh3 13. Ne5 Qxd1 14. Rxd1 Bxg2 15.
Kxg2 Rac8 16. Be3 e6 17. Nxc4 Nxd4 18. Ned6 Ndf5 19. Bxa7 Nxd6 20. Nxd6 Ra8 21.
Bb6 Rd7 22. a3 e5 23. fxe5 Ng4 24. e6 fxe6 25. Nb5 Rf7 26. Rd6 Ne5 27. Rxe6 Nc4
28. Nd6 Nxb2 29. Nxf7 Kxf7 30. Rae1 Bxc3 31. Re7+ Kf8 32. R1e2 Na4 33. Bf2 1-0

[Event "57th World Juniors 2018"]
[Site "Manavgat TUR"]
[Date "2018.09.06"]
[Round "2.2"]
[White "Donchenko, Alexander"]
[Black "Morozov, Nichita"]
[Result "1-0"]
[WhiteTitle "GM"]
[BlackTitle "IM"]
[WhiteElo "2614"]
[BlackElo "2452"]
[WhiteFideId "24603295"]
[BlackFideId "13900897"]
[EventDate "2018.09.05"]

1. c4 Nf6 2. Nc3 e5 3. g3 Bb4 4. Bg2 O-O 5. Nf3 Re8 6. O-O e4 7. Nd4 Bxc3 8.
bxc3 c5 9. Nc2 d5 10. cxd5 Qxd5 11. Ne3 Qh5 12. Rb1 Nc6 13. d3 Bh3 14. Rxb7 Ne5
15. dxe4 Rad8 16. Qe1 Nfg4 17. Nxg4 Nxg4 18. f3 Bxg2 19. fxg4 Qe5 20. Rfxf7 Bxe4
21. Rxg7+ Qxg7 22. Rxg7+ Kxg7 23. c4 Kg8 24. Bh6 Rd6 25. Qc1 Bg6 26. Qb2 Rd4 27.
e3 Rd7 28. Kg2 Re6 29. Kh3 Be8 30. Bf4 Rf7 31. Qb8 Kf8 32. g5 Kg7 33. Be5+ Kg6
34. Kg4 Rfe7 35. Qb1+ Kf7 36. Qxh7+ Kf8 37. Qh8+ Kf7 38. Qg7# 1-0

[Event "57th World Juniors 2018"]
[Site "Manavgat TUR"]
[Date "2018.09.06"]
[Round "2.3"]
[White "Barseghyan, Harutyun"]
[Black "Karthikeyan, Murali"]
[Result "0-1"]
[WhiteTitle "IM"]
[BlackTitle "GM"]
[WhiteElo "2466"]
[BlackElo "2605"]
[WhiteFideId "13304585"]
[BlackFideId "5074452"]
[EventDate "2018.09.05"]

1. d4 Nf6 2. c4 Nc6 3. Nf3 e6 4. Nc3 Bb4 5. Qc2 d6 6. a3 Bxc3+ 7. Qxc3 O-O 8. g3
e5 9. d5 Ne7 10. Bg2 a5 11. a4 h6 12. O-O Ne4 13. Qc2 Nc5 14. Nd2 Bd7 15. Ne4
Bf5 16. Be3 Nxe4 17. Bxe4 Bxe4 18. Qxe4 f5 19. Qh4 Qe8 20. Bd2 Kh7 21. f3 e4 22.
f4 c6 23. dxc6 Ng6 24. Qh5 Qxc6 25. Be3 Qxc4 26. Rfc1 Qf7 27. Rc2 Rac8 28. Rd2
Qb3 29. Kf2 Rc6 30. Rad1 Rf6 31. Rd4 Qxb2 32. R1d2 Qa3 33. g4 Rc3 34. gxf5 Ne7
35. Rxe4 Nxf5 36. Qf3 Qb3 37. h4 d5 38. Re5 d4 39. Rxd4 Nxd4 40. Qe4+ Nf5 41.
Bd4 Rc4 42. Rxf5 Rxd4 0-1

[Event "57th World Juniors 2018"]
[Site "Manavgat TUR"]
[Date "2018.09.06"]
[Round "2.4"]
[White "Makhnev, Denis"]
[Black "Esipenko, Andrey"]
[Result "1-0"]
[WhiteTitle "IM"]
[BlackTitle "GM"]
[WhiteElo "2449"]
[BlackElo "2593"]
[WhiteFideId "13707647"]
[BlackFideId "24175439"]
[EventDate "2018.09.05"]

1. d4 Nf6 2. c4 e6 3. Nf3 d5 4. Nc3 c5 5. cxd5 Nxd5 6. e4 Nxc3 7. bxc3 cxd4 8.
cxd4 Bb4+ 9. Bd2 Bxd2+ 10. Qxd2 O-O 11. Bc4 Nd7 12. O-O b6 13. Rad1 Bb7 14. Rfe1
Rc8 15. Bd3 h6 16. Qf4 Qf6 17. Qg3 Rc3 18. Qd6 Rd8 19. e5 Qf4 20. Re3 Rcc8 21.
Qe7 Qg4 22. h3 Qh5 23. Kh2 Bxf3 24. Rxf3 Nf8 25. g4 Qg5 26. Qxf7+ Kh8 27. h4
Qxh4+ 28. Rh3 Rd7 29. Qxf8+ Rxf8 30. Rxh4 Rxd4 31. Kg2 Rfd8 32. Rh3 Rxg4+ 33.
Kf1 Rgd4 34. Ke2 R8d5 35. Re3 Ra5 36. Rd2 g5 37. Rc2 g4 38. Rc8+ Kg7 39. Rc7+
Kf8 40. Bc4 Rc5 41. Rxc5 bxc5 42. Bxe6 Ke7 43. Bf5 Rf4 44. Bc2 Ke6 45. Rc3 Kxe5
46. Rxc5+ Kd4 47. Rf5 Rxf5 48. Bxf5 h5 49. Bg6 h4 50. Bf5 1-0

[Event "57th World Juniors 2018"]
[Site "Manavgat TUR"]
[Date "2018.09.06"]
[Round "2.5"]
[White "Xu, Xiangyu"]
[Black "Janik, Igor"]
[Result "1-0"]
[WhiteTitle "GM"]
[BlackTitle "IM"]
[WhiteElo "2586"]
[BlackElo "2447"]
[WhiteFideId "8608288"]
[BlackFideId "1159259"]
[EventDate "2018.09.05"]

1. d4 d5 2. Nf3 Nf6 3. g3 Bf5 4. c4 e6 5. Nh4 Be4 6. f3 Bxb1 7. Rxb1 Bb4+ 8. Kf2
Be7 9. cxd5 Nxd5 10. e4 Bxh4 11. exd5 Bf6 12. dxe6 Bxd4+ 13. Kg2 fxe6 14. Bb5+
c6 15. Bc4 O-O 16. Re1 Bf6 17. Bf4 Kh8 18. Rxe6 Qxd1 19. Rxd1 b5 20. Rxf6 gxf6
21. Bh6 Re8 22. Bf7 Rc8 23. Rd4 f5 24. Be6 Re8 25. Bf7 Rc8 26. Rf4 a5 27. Rxf5
Ra7 28. Be3 Rd7 29. Be6 Re8 30. Bxd7 Nxd7 31. Kf2 Kg8 32. Bd4 Nf8 33. Rg5+ Kf7
34. Rg7+ Ke6 35. Rg8 Rb8 36. Rh8 Kd5 37. Bg7 Nd7 38. Rxh7 a4 39. Rh5+ Kc4 40.
Rh4+ Kc5 41. Rg4 Kd5 1-0

[Event "57th World Juniors 2018"]
[Site "Manavgat TUR"]
[Date "2018.09.06"]
[Round "2.7"]
[White "Sibashvili, Giorgi"]
[Black "Aravindh, Chithambaram VR."]
[Result "0-1"]
[WhiteTitle "IM"]
[BlackTitle "GM"]
[WhiteElo "2425"]
[BlackElo "2578"]
[WhiteFideId "13602799"]
[BlackFideId "5072786"]
[EventDate "2018.09.05"]

1. d4 Nf6 2. c4 g6 3. Nc3 Bg7 4. e4 d6 5. Nf3 O-O 6. Be2 e5 7. O-O Nc6 8. Be3
Ng4 9. Bg5 f6 10. Bh4 Nh6 11. dxe5 dxe5 12. Qxd8 Nxd8 13. Nd5 Ne6 14. Ne7+ Kf7
15. Nxc8 Rfxc8 16. Rfd1 Ke8 17. Nd2 Nd4 18. Kf1 Nf7 19. Nb3 c5 20. Nxd4 cxd4 21.
Rac1 Nd8 22. c5 a5 23. a3 a4 24. Bb5+ Ke7 25. Rc4 Ra5 26. Rb4 Rxc5 27. Bxa4 b5
28. Bb3 g5 29. Bg3 Nc6 30. f3 Ra7 31. Be1 Kd7 32. a4 Nxb4 33. Bxb4 Rc8 34. axb5
Rb8 35. Bc5 Rc7 36. Bb4 Ra7 37. Bc5 Rxb5 38. Bxa7 Rxb3 39. Rd2 Bf8 40. Rc2 Bd6
41. Ke1 h5 42. h3 Bb4+ 43. Kd1 d3 44. Rf2 d2 45. Rf1 Rxb2 46. Ke2 d1=Q+ 47. Kxd1
Rd2+ 48. Kc1 Ra2 49. Rd1+ Ke6 50. Be3 Ba3+ 51. Kb1 Rb2+ 52. Ka1 Rxg2 53. h4 g4
54. f4 exf4 55. Bxf4 Re2 0-1

[Event "57th World Juniors 2018"]
[Site "Manavgat TUR"]
[Date "2018.09.06"]
[Round "2.8"]
[White "Tabatabaei, M.amin"]
[Black "Raja, Harshit"]
[Result "1-0"]
[WhiteTitle "GM"]
[BlackTitle "IM"]
[WhiteElo "2576"]
[BlackElo "2419"]
[WhiteFideId "12521213"]
[BlackFideId "5089000"]
[EventDate "2018.09.05"]

1. f4 c5 2. Nf3 Nf6 3. g3 g6 4. Bg2 Bg7 5. d3 d5 6. O-O O-O 7. c3 Nc6 8. Na3 Bf5
9. Nh4 Rb8 10. Qe1 Qd7 11. e4 Bh3 12. e5 Ne8 13. Bxh3 Qxh3 14. Nc2 Qd7 15. d4
cxd4 16. cxd4 Rc8 17. Rf2 f5 18. h3 Nc7 19. Kh2 b6 20. Be3 Na5 21. Rd1 Qa4 22.
g4 Ne6 23. Nb4 Qb5 24. a4 Qd7 25. gxf5 gxf5 26. Qh1 Rcd8 27. Qf3 Rf7 28. Rg2 Nc6
29. Na2 Qe8 30. Nc3 Nb4 31. Ne2 Qxa4 32. Ng3 Rdf8 33. Ngxf5 Rxf5 34. Nxf5 Rxf5
35. Qg4 Qxd1 36. Qxd1 1-0

[Event "57th World Juniors 2018"]
[Site "Manavgat TUR"]
[Date "2018.09.06"]
[Round "2.9"]
[White "Muradli, Mahammad"]
[Black "Liang, Awonder"]
[Result "1/2-1/2"]
[WhiteTitle "IM"]
[BlackTitle "GM"]
[WhiteElo "2407"]
[BlackElo "2575"]
[WhiteFideId "13409301"]
[BlackFideId "2056437"]
[EventDate "2018.09.05"]

1. Nf3 Nf6 2. c4 b6 3. g3 Bb7 4. Bg2 c5 5. O-O g6 6. Nc3 Bg7 7. d4 cxd4 8. Nxd4
Bxg2 9. Kxg2 Nc6 10. b3 Qc7 11. Bb2 Qb7 12. f3 O-O 13. e4 a6 14. Re1 Rfd8 15.
Nd5 Ne8 16. Qd2 e6 17. Ne3 Ne5 18. Kg1 d6 19. Rad1 b5 20. f4 Nd7 21. f5 e5 22.
Ndc2 Ndf6 23. Qg2 Nxe4 24. Nd5 Qa7+ 25. Bd4 exd4 26. Qxe4 Be5 27. Ncb4 Rac8 28.
cxb5 axb5 29. Nd3 Nf6 30. Nxf6+ Bxf6 31. fxg6 hxg6 32. Qd5 Rc2 33. Rf1 Bg7 34.
a4 bxa4 35. bxa4 Bh6 36. Rf6 Be3+ 37. Kh1 Qa8 38. Rxg6+ Kf8 39. Qxa8 Rxa8 40.
Rxd6 Rxa4 41. Rd5 Raa2 42. Rh5 Rd2 43. Rxd2 Rxd2 44. Ne5 f6 45. Rf5 Rd1+ 46. Kg2
Rg1+ 47. Kh3 Ke7 1/2-1/2